Countries...By Their Neighbors - Statistics

General Stats
  • This quiz has been taken 95 times
  • The average score is 10 of 12
Answer Stats
Neighbors Answer % Correct
Suriname, Guyana, Venezuela, Colombia +5 others Brazil
96%
China, Pakistan, Bhutan, Myanmar +3 others India
96%
Canada and Mexico USA
96%
Malaysia, Papua New Guinea, and Timor-Leste Indonesia
89%
Libya, Sudan, and Israel Egypt
85%
Jordan, Iraq, Kuwait, Qatar +3 others Saudi Arabia
85%
Albania, Bulgaria, Macedonia, and Turkey Greece
84%
Afghanistan, Bhutan, Kazakhstan, North Korea +10 others China
82%
Dominican Republic Haiti
82%
Poland, Slovakia, Austria, and Germany Czech Republic
81%
Guatemala, Nicaragua, and El Salvador Honduras
78%
Georgia, Armenia, Azerbaijan, Iran +4 others Turkey
76%
No matching quizzes found
Score Distribution
Percent of People with Each Score
Percentile by Number Answered
Your Score History
You have not taken this quiz